All countries that border Kazakhstan. - Statistics

General Stats
  • This quiz has been taken 18 times
  • The average score is 4 of 5
Answer Stats
Population Answer % Correct
144.1 Million Russia
100%
4.03 Billion China
94%
34.23 Million Uzbekistan
94%
6.031 Million Turkmenistan
76%
6.592 Million Kyrgyzstan
71%
No matching quizzes found
Score Distribution
Percent of People with Each Score
Percentile by Number Answered
Your Score History
You have not taken this quiz